Komentár k novele Občianskeho súdneho poriadku
Zákon č. 353/2003 Z.z. nadobudol účinnosť 1. 9. 2003, pokračuje v trendoch začatých predchádzajúcimi úpravami. Vyznačuje sa snahou o zefektívnenie súdneho konania a prispetie k odstráneniu neopodstatnených prieťahov v konaní.
Salvato in:
| Autore principale: | |
|---|---|
| Natura: | Capitolo di libro |
| Lingua: | slovacco |
| Soggetti: | |
| Tags: |
Nessun Tag, puoi essere il primo ad aggiungerne!!
|
MARC
| LEADER | 00000naa$a2200000$$$4500 | ||
|---|---|---|---|
| 001 | 0004245 | ||
| 005 | 20230919094520.2 | ||
| 041 | 0 | |a slo | |
| 044 | |a SK | ||
| 245 | 1 | 0 | |a Komentár k novele Občianskeho súdneho poriadku |c aut. Róbert Urban |
| 520 | |a Zákon č. 353/2003 Z.z. nadobudol účinnosť 1. 9. 2003, pokračuje v trendoch začatých predchádzajúcimi úpravami. Vyznačuje sa snahou o zefektívnenie súdneho konania a prispetie k odstráneniu neopodstatnených prieťahov v konaní. | ||
| 610 | 2 | 0 | |a poriadok súdny občiansky |
| 610 | 2 | 0 | |a zákony |
| 610 | 2 | 0 | |a novelizácia |
| 610 | 2 | 0 | |a komentáre |
| 610 | 2 | 0 | |a 2003 |
| 100 | 1 | |a Urban, Róbert | |